Carregant...

Judgement: inside story of the emergency in India /

Dades bibliogràfiques
Autor principal: Nayar, Kuldip
Format: Printed Book
Idioma:English
Publicat: Vikas, 1977.
LEADER 00464nam a2200133Ia 4500
008 150624b xxu||||| |||| 00| 0 eng d
082 |a 320.9540442 
100 |a Nayar, Kuldip 
245 |a Judgement:  |b inside story of the emergency in India /  |c Kuldip Nayar 
260 |b Vikas,  |c 1977. 
300 |a 228 p. 
942 |c BK 
999 |c 18894  |d 18894 
952 |0 0  |1 0  |4 0  |6 320_954044200000000_KUL_J  |7 0  |9 18893  |a UL  |b UL  |c ST2  |d 1998-09-01  |l 0  |o 320.9540442 KUL/J  |p 28570  |r 2012-10-27  |w 2012-10-27  |y BK